000 00560nam a2200181zi 4500
999 _c26565
_d54563
005 20171204051910.0
037 _aBC_700 03
_fbroch
040 _aBC-ENSA
_bfre
041 _afre
100 _aPAVE, Alain
245 _aModélisation des systèmes vivants
_bde la cellule à l'écosystème
260 _aParis
_bLavoisier
_c2012
300 _bcouv. ill. en coul., ill.
_a633 p.
_c24 cm
562 _e01 exemplaire(s)
942 _c09
490 _a2351
653 _aCELLULE/ECOSYSTEME/BIOLOGIE/ECOLOGIE/MODELE MATHEMATIQUE/GENETIQUE DES POPULATIONS